000 00598nam a2200229Ia 4500
003 OSt
005 20221007071925.0
006 a|||||r|||| 00| 0
007 ta
008 221006b |||||||| |||| 00| 0 eng d
024 _a17,528
037 _cTextual
040 _aFLL
_cFLL
_beng
041 _2eng
_aeng
082 _aY:45:5.3.N7, L9
100 _aDitton Jason Au.
_9689675
245 0 _aControlology
260 _aLondon
_bMacMillan Co. England
_c1979
300 _a124p
_ccm.
942 _hY:45:5.3.N7, L9
_cTEXL
_2CC
999 _c1144675
_d1144675